Para vivir la democracia: dilemas de su consolidación

Zapisane w:
Opis bibliograficzny
1. autor: Huneeus Madge, Carlos (autor)
Format: Książka
Język:hiszpański
Wydane: Santiago Andante 1987
Seria:CERC
Hasła przedmiotowe:
Etykiety: Dodaj etykietę
Nie ma etykietki, Dołącz pierwszą etykiete!

MARC

LEADER 00000nam a2200000 a 4500
001 UCY3790
003 CL-VaPUC
008 950118e19870000CL |||||||||||||||||spa|d
082 0 4 |a 321.8  |b HUN  |2 21 
100 |a Huneeus Madge, Carlos  |e autor  |9 578920 
245 1 0 |a Para vivir la democracia: dilemas de su consolidación 
300 |a 392 p 
942 |c BK 
945 |d 19950118 00:00:00  |a oaravena 
260 |a Santiago  |b Andante  |c 1987 
650 0 |a Democracia  |9 255256 
583 |a last modification  |c 20150331 10:24:46  |k Rodrigo Vera 
490 0 |a CERC 
999 |c 231840  |d 231838 
952 |0 0  |1 0  |4 0  |6 321_800000000000000_HUN_1987  |7 0  |8 A  |9 235594  |a BIBHIS  |b BIBHIS  |d 2019-11-15  |i 3053458  |o 321.8 HUN 1987  |p 3053458  |r 2025-01-20  |w 2019-11-15  |y BK  |k HIS 
952 |0 0  |1 0  |4 0  |6 321_800000000000000_HUN_1987  |7 0  |8 A  |9 235595  |a BIBHIS  |b BIBHIS  |d 2019-11-15  |i 1332430  |o 321.8 HUN 1987  |p 1332430  |r 2025-01-20  |w 2019-11-15  |y BK  |k HIS 
952 |0 0  |1 0  |4 0  |6 321_800000000000000_HUN_1987  |7 0  |8 A  |9 235596  |a BIBHIS  |b BIBHIS  |d 2019-11-15  |i 1332449  |o 321.8 HUN 1987  |p 1332449  |r 2025-01-20  |w 2019-11-15  |y BK  |k HIS